Lens Biggest Transfers - Statistics

General Stats
  • This quiz has been taken 17 times
  • The average score is 51 of 143
Answer Stats
% Correct
Incomings Austria CB Kevin Danso 21/22 Augsburg
100%
Incomings Belgium ST Lois Openda 22/23 Club Brugge
100%
Outgoings Belgium ST Lois Openda 23/24 RB Leipzig
100%
Incomings Ivory Coast CM Seko Fofana 20/21 Udinese
100%
Outgoings Ivory Coast CM Seko Fofana 23/24 Al-Nassr
100%
Incomings France ST Elye Wahi 23/24 Montpellier
92%
Incomings France CM Andy Diouf 23/24 Basel
83%
Incomings France AM Angelo Fulgini 23/24 Mainz
83%
Incomings France GK Brice Samba 22/23 Nottingham Forest
83%
Incomings Senegal ST El-Hadji Diouf 01/02 Rennes
83%
Outgoings Senegal ST El-Hadji Diouf 02/03 Liverpool
83%
Incomings Argentina CB Facundo Medina 20/21 Talleres
83%
Outgoings France RB Jonathan Clauss 22/23 Marseille
83%
Outgoings Mali DM Cheick Doucoure 22/23 Crystal Palace
75%
Incomings Poland RM Przemyslaw Frankowski 21/22 Chicago Fire
75%
Outgoings France CB Raphael Varane 11/12 Real Madrid
75%
Incomings Poland ST Adam Buksa 22/23 New England Revolution
67%
Incomings DR Congo AM Gael Kakuta 21/22 Amiens
67%
Outgoings France CB Loic Bade 21/22 Rennes
67%
Incomings Ghana DM Salis Abdul Samed 22/23 Clermont Foot
67%
Incomings Venezuela GK Wuilker Farinez 21/22 Millonarios
67%
Incomings France AM Adrien Thomasson 22/23 Strasbourg
58%
Incomings Norway DM Patrick Berg 21/22 Bodo/Glimt
58%
Outgoings Norway DM Patrick Berg 22/23 Bodo/Glimt
58%
Incomings France DM Alou Diarra 05/06 Liverpool
50%
Outgoings France DM Alou Diarra 06/07 Lyon
50%
Outgoings Cameroon CB Christopher Wooh 22/23 Rennes
50%
Incomings Cameroon ST Ignatius Ganago 20/21 Nice
50%
Outgoings Cameroon ST Ignatius Ganago 22/23 Nantes
50%
Incomings Cameroon DM Jean Onana 22/23 Bordeaux
50%
Outgoings Cameroon DM Jean Onana 23/24 Besiktas
50%
Incomings France RB Ruben Aguilar 23/24 Monaco
50%
Outgoings Mali CM Souleymane Diarra 19/20 Gaziantep
50%
Incomings Ivory Coast SS Aruna Dindane 05/06 Anderlecht
42%
Outgoings Ivory Coast SS Aruna Dindane 10/11 Lekhwiya
42%
Outgoings Cameroon LB Benoit Assou-Ekotto 06/07 Tottenham Hotspur
42%
Incomings Ivory Coast RW Bonaventure Kalou 07/08 Paris Saint-Germain
42%
Outgoings Ivory Coast RW Bonaventure Kalou 07/08 Al-Jazira
42%
Incomings France ST Corentin Jean 20/21 Toulouse
42%
Outgoings France ST Corentin Jean 22/23 Inter Miami
42%
Incomings Colombia LB Deiver Machado 21/22 Toulouse
42%
Incomings France ST Florian Sotoca 19/20 Grenoble
42%
Outgoings Central African Republic DM Geoffrey Kondogbia 12/13 Sevilla
42%
Outgoings Brazil CB Hilton 08/09 Marseille
42%
Incomings Guinea LW Jules Keita 19/20 Dijon
42%
Incomings Guinea RW Morgan Guilavogui 23/24 Paris FC
42%
Incomings Algeria LB Nadir Belhadj 07/08 Lyon
42%
Outgoings Algeria LB Nadir Belhadj 08/09 Portsmouth
42%
Incomings Colombia RW Oscar Cortes 23/24 Millonarios
42%
Outgoings Mali CM Seydou Keita 07/08 Sevilla
42%
Incomings Mali DM Sidi Keita 06/07 Strasbourg
42%
Incomings Croatia GK Vedran Runje 07/08 Besiktas
42%
Outgoings France LW Abdellah Zoubir 18/19 Qarabag
33%
Outgoings Mali CB Adama Coulibaly 08/09 Auxerre
33%
Incomings France AM Antoine Sibierski 00/01 Nantes
33%
Outgoings France AM Antoine Sibierski 03/04 Manchester City
33%
Outgoings Belgium ST Baptiste Guillaume 15/16 Lille
33%
Outgoings Cameroon GK Charles Itandje 07/08 Liverpool
33%
Outgoings France RB Clement Michelin 21/22 AEK Athens
33%
Incomings France AM Eric Carriere 04/05 Lyon
33%
Incomings France RB Julien Le Cardinal 22/23 Paris FC
33%
Outgoings Cameroon DM Marc-Vivien Foe 98/99 West Ham United
33%
Incomings Serbia CB Milan Bisevac 06/07 Crvena Zvezda
33%
Outgoings Serbia CB Milan Bisevac 08/09 Valenciennes
33%
Incomings France DM Olivier Dacourt 99/00 Everton
33%
Outgoings France DM Olivier Dacourt 00/01 Leeds United
33%
Outgoings Ivory Coast RB Serge Aurier 11/12 Toulouse
33%
Outgoings DR Congo ST Simon Banza 22/23 Braga
33%
Outgoings England CB Taylor Moore 16/17 Bristol City
33%
Outgoings France CM Wylan Cyprien 16/17 Nice
33%
Outgoings Morocco CM Adel Taarabt 07/08 Tottenham Hotspur
25%
Incomings Tunisia CB Alaeddine Yahia 09/10 Nice
25%
Outgoings France CM Benjamin Bourigeaud 17/18 Rennes
25%
Outgoings Gabon ST Daniel Cousin 07/08 Rangers
25%
Incomings Brazil ST Eduardo 09/10 Guingamp
25%
Outgoings France LB Franck Queudrue 02/03 Middlesbrough
25%
Outgoings Cameroon LB Henri Bedimo 11/12 Montpellier
25%
Incomings Tunisia ST Issam Jemaa 05/06 Esperance Tunis
25%
Outgoings Tunisia ST Issam Jemaa 11/12 Auxerre
25%
Outgoings Ivory Coast DM Jean-Philippe Gbamin 16/17 Mainz
25%
Outgoings France CM Jean-Ricner Bellegarde 19/20 Strasbourg
25%
Incomings France RM Jimmy Cabot 22/23 Angers
25%
Outgoings Nigeria LW John Utaka 05/06 Rennes
25%
Incomings France DM Julien Sable 07/08 Saint-Etienne
25%
Outgoings France DM Julien Sable 08/09 Nice
25%
Incomings Brazil AM Jussie 04/05 Cruzeiro
25%
Outgoings Brazil AM Jussie 07/08 Bordeaux
25%
Incomings Ivory Coast LW Kanga Akale 07/08 Auxerre
25%
Outgoings France LW Kevin Monnet-Paquet 11/12 Lorient
25%
Incomings Serbia DM Nenad Kovacevic 06/07 Crvena Zvezda
25%
Incomings France LW Olivier Monterrubio 06/07 Rennes
25%
Incomings Senegal CM Papa Bouba Diop 01/02 Grasshoppers
25%
Outgoings Senegal CM Papa Bouba Diop 04/05 Fulham
25%
Incomings Togo RW Razak Boukari 06/07 Chateauroux
25%
Outgoings Togo RW Razak Boukari 10/11 Rennes
25%
Outgoings Cameroon CB Rigobert Song 04/05 Galatasaray
25%
Incomings Cape Verde CB Steven Fortes 19/20 Toulouse
25%
Incomings France ST Tony Vairelles 95/96 Nancy
25%
Outgoings France ST Tony Vairelles 99/00 Lyon
25%
Incomings Czech Republic AM Vladimir Smicer 96/97 Slavia Prague
25%
Outgoings Czech Republic AM Vladimir Smicer 99/00 Liverpool
25%
Outgoings Senegal CB Abdoulaye Faye 06/07 Bolton Wanderers
17%
Outgoings Morocco DM Adil Hermach 11/12 Al-Hilal
17%
Outgoings Ghana CM Alex Nyarko 00/01 Everton
17%
Incomings Ivory Coast ST Dagui Bakari 02/03 Lille
17%
Incomings Serbia CM Dejan Milovanovic 08/09 Crvena Zvezda
17%
Outgoings France CB Dimitri Cavare 14/15 Rennes
17%
Incomings France RB Fabien Laurenti 07/08 Ajaccio
17%
Incomings France LW Gaetan Robail 19/20 Paris Saint-Germain
17%
Incomings Poland CB Jacek Bak 01/02 Lyon
17%
Outgoings Cameroon ST Joseph-Desire Job 00/01 Middlesbrough
17%
Incomings Senegal CB Kader Mangane 07/08 Young Boys
17%
Outgoings Senegal CB Kader Mangane 08/09 Rennes
17%
Outgoings Algeria CB Mehdi Tahrat 19/20 Abha
17%
Outgoings France CB Modibo Sagnan 19/20 Real Sociedad
17%
Outgoings France LW Mounir Chouiar 19/20 Dijon
17%
Incomings France LM Olivier Thomert 02/03 Le Mans
17%
Outgoings France LM Olivier Thomert 06/07 Rennes
17%
Incomings Argentina ST Pablo Chavarria 13/14 Anderlecht
17%
Incomings France CM Stephane Dalmat 98/99 Chateauroux
17%
Outgoings France CM Stephane Dalmat 99/00 Marseille
17%
Outgoings France AM Stephane Ziani 98/99 Deportivo La Coruna
17%
Incomings France ST Toifilou Maoulida 07/08 Auxerre
17%
Incomings France RW Tony Mauricio 19/20 Valenciennes
17%
Outgoings France CB Alexandre Coeff 13/14 Udinese
8%
Incomings Burkina Faso RW Cyrille Bayala 17/18 Sheriff Tiraspol
8%
Incomings France SS Daniel Moreira 98/99 Guingamp
8%
Outgoings France SS Daniel Moreira 04/05 Toulouse
8%
Incomings Argentina ST Esteban Fuertes 00/01 Derby County
8%
Outgoings France RB Fabien Centonze 19/20 Metz
8%
Incomings France CM Geoffrey Doumeng 08/09 Valenciennes
8%
Outgoings Haiti CB Jean-Kevin Duverne 19/20 Brest
8%
Outgoings Senegal LW Lamine Sakho 01/02 Marseille
8%
Incomings Congo CB Lucien Aubey 07/08 Toulouse
8%
Outgoings Congo CB Lucien Aubey 08/09 Rennes
8%
Incomings Niger ST Moussa Maazou 17/18 Ajaccio
8%
Incomings France ST Pascal Nouma 98/99 Strasbourg
8%
Outgoings France ST Pascal Nouma 00/01 Besiktas
8%
Incomings Czech Republic DM Radek Bejbl 00/01 Atletico Madrid
8%
Outgoings France CB Timothee Kolodziejczak 09/10 Lyon
8%
Incomings France CB Valerien Ismael 98/99 Crystal Palace
8%
Outgoings France CB William Bianda 18/19 Roma
8%
Outgoings Senegal ST Yannick Gomis 19/20 Guingamp
8%
No matching quizzes found
Score Distribution
Percent of People with Each Score
Percentile by Number Answered
Your Score History
You have not taken this quiz